MARC

LEADER 00000nam0a2200000 4500
001 19308
005 20231101205249.0
010 |a 5010015919 
035 |a (RuTPU)RU\TPU\book\19470 
035 |a BOOK00019539 
090 |a 19308 
100 |a 20011209d1990 km y0rusy50 ca 
101 1 |a rus  |c eng 
102 |a RU 
105 |a y z 000zy 
200 1 |a Избранные работы по философии  |e пер. с англ.  |f А. Н. Уайтхед 
210 |a Москва  |c Прогресс  |d 1990 
215 |a 717 с. 
225 1 |a Философия на пороге нового тысячелетия 
606 1 |a Философия  |2 stltpush  |3 (RuTPU)RU\TPU\subj\63880  |9 80812 
606 1 |a Английская философия  |x История  |z II пол. XIX-XX вв.  |2 stltpush  |3 (RuTPU)RU\TPU\subj\29046  |9 52458 
610 1 |a естествознание 
610 1 |a наука 
610 1 |a мышление 
686 |a Ю0/3  |v LBC/SL-A  |2 rubbk 
686 |a Ю3(4Вл)6  |v LBC/SL-A  |2 rubbk 
700 1 |a Уайтхед  |b А. Н.  |c англо-американский математик  |c логик  |c философ  |c представитель неореализма  |f 1861-1947  |g Альфред Норт  |2 stltpush  |3 (RuTPU)RU\TPU\pers\15908  |9 5548 
801 0 |a RU  |b 63413507  |c 20011209  |g PSBO 
801 2 |a RU  |b 63413507  |c 20141215  |g PSBO 
942 |c BK